Sono normale? : due secoli di ricerca ossessiva della norma /
Gorde:
| Egile nagusia: | |
|---|---|
| Beste egile batzuk: | |
| Formatua: | Liburua |
| Hizkuntza: | italiera |
| Argitaratua: |
Torino :
Bollati Boringhieri,
2023
|
| Saila: | Nuovi saggi Bollati Boringhieri ;
86 |
| Gaiak: | |
| Etiketak: |
Etiketarik gabe, Izan zaitez lehena erregistro honi etiketa jartzen!
|
MARC
| LEADER | 00000nam a2200000 i 4500 | ||
|---|---|---|---|
| 001 | IT\ICCU\BMT\0034172 | ||
| 003 | ItRI | ||
| 005 | 20260115232059.0 | ||
| 008 | 230424s2023 it |||||| ||||| |||||c | ||
| 015 | |2 IT |a 2023-5077 | ||
| 020 | |a 9788833941837 | ||
| 040 | |b ita |c importazione bologna sebina | ||
| 041 | 7 | |a ita |2 ISO-639-2 | |
| 082 | |a 302 |9 INTERAZIONE SOCIALE |2 23 | ||
| 082 | |a 303.37 |9 PROCESSI SOCIALI. Norme sociali |2 23 | ||
| 100 | 1 | |a Chaney, Sarah |0 IT\ICCU\UTOV\546756 |4 aut | |
| 240 | 1 | 0 | |a Am I normal? |3 IT\ICCU\BMT\0034173 |9 Chaney, Sarah |
| 245 | 1 | 0 | |a Sono normale? : |b due secoli di ricerca ossessiva della norma / |c Sarah Chaney ; traduzione di Bianca Bertola. |
| 260 | |a Torino : |b Bollati Boringhieri, |c 2023 | ||
| 300 | |a 271 p. : |b ill. ; |c 21 cm | ||
| 650 | 7 | |a Norme sociali |x Sec. 19.-20. |x Psicologia sociale |2 nsbncf | |
| 700 | 1 | |a Bertola, Bianca |0 IT\ICCU\RAVV\688284 |4 trl | |
| 830 | 0 | |a Nuovi saggi Bollati Boringhieri ; |v 86 |0 IT\ICCU\LO1\1300944 | |
| 942 | |2 ddc |c BK |n 0 | ||
| 952 | |0 0 |1 0 |4 0 |6 DOC_303_370000000000000_CHA |7 0 |9 19683 |a BO |b BO |d 2026-01-15 |i 20425 |l 0 |o DOC 303.37 CHA |p BO20425 |r 2026-01-15 23:20:59 |w 2026-01-15 |x [Sebina 5] [1 v.] |y BK |z 1 v. | ||
| 999 | |c 16781 |d 16781 | ||